Indian financial system (Record no. 9265)

MARC details
000 -LEADER
fixed length control field 00517cam a2200193ua 4500
001 - CONTROL NUMBER
control field 10279
005 - DATE AND TIME OF LATEST TRANSACTION
control field 20260515114612.0
008 - FIXED-LENGTH DATA ELEMENTS--GENERAL INFORMATION
fixed length control field 180224n ii |||gr||||Z||||||eng
020 ## - INTERNATIONAL STANDARD BOOK NUMBER
International Standard Book Number 9789327238556
040 ## - CATALOGING SOURCE
Transcribing agency MAIN
082 ## - DEWEY DECIMAL CLASSIFICATION NUMBER
Classification number 332.0954
100 ## - MAIN ENTRY--PERSONAL NAME
Personal name Gupta, Shashi K,
Relator term Author.
245 ## - TITLE STATEMENT
Title Indian financial system
Statement of responsibility, etc. By Shashi K Gupta and others
260 ## - PUBLICATION, DISTRIBUTION, ETC.
Place of publication, distribution, etc. Ludhiana:
Name of publisher, distributor, etc. Kalyani,
Date of publication, distribution, etc. 2014.
653 ## - INDEX TERM--UNCONTROLLED
Uncontrolled term Financial economics
700 ## - ADDED ENTRY--PERSONAL NAME
Personal name Agarwal, Nisha,
Relator term Author.
700 ## - ADDED ENTRY--PERSONAL NAME
Personal name Gupta, Neeti,
Relator term Author.
942 ## - ADDED ENTRY ELEMENTS (KOHA)
Koha item type Books
Holdings
Withdrawn status Lost status Damaged status Not for loan Home library Current library Shelving location Date acquired Total checkouts Full call number Barcode Date last seen Date last checked out Copy number Price effective from Koha item type
        Naharkatiya College Library Naharkatiya College Library General stacks 09/19/2020 3 332.0954 | GUP 24281 03/06/2026 02/12/2026 1 09/19/2020 Books
        Naharkatiya College Library Naharkatiya College Library General stacks 09/19/2020   332.0954 | GUP 24282 08/27/2022   2 09/19/2020 Books